Diagnosis and improvement of acid soils (Record no. 15001)
[ view plain ]
| 000 -LEADER | |
|---|---|
| fixed length control field | 00327nam a22001337a 4500 |
| 020 ## - INTERNATIONAL STANDARD BOOK NUMBER | |
| ISBN | 987-81-8321-141-3 |
| 082 ## - DEWEY DECIMAL CLASSIFICATION NUMBER | |
| Classification number | 631.44 |
| Item number | SOM/DI |
| 100 ## - MAIN ENTRY--AUTHOR NAME | |
| Personal name | Somani, L.L |
| 245 ## - TITLE STATEMENT | |
| Title | Diagnosis and improvement of acid soils |
| 250 ## - EDITION STATEMENT | |
| Edition statement | 1 |
| 260 ## - PUBLICATION, DISTRIBUTION, ETC. (IMPRINT) | |
| Place of publication | Udaipur |
| Name of publisher | Agrotech Publishing Academy |
| Year of publication | 2009 |
| 300 ## - PHYSICAL DESCRIPTION | |
| Number of Pages | 328 |
| 942 ## - ADDED ENTRY ELEMENTS (KOHA) | |
| Koha item type | Books |
| Withdrawn status | Lost status | Damaged status | Collection code | Home library | Current library | Shelving location | Date acquired | Cost, normal purchase price | Full call number | Accession Number | Koha item type |
|---|---|---|---|---|---|---|---|---|---|---|---|
| Non-fiction | KAUAET | KAUAET | Book Cart | 19/12/2017 | 980.00 | 631.44 SOM/DI | 22165 | Books |
